000 00686nam a22002417a 4500
001 81731
003 UA-OsUOA
005 20201224224523.0
007 ta
008 20120206b un ||||| |||| 00| 0 ukr d
040 _aUA-OsUOA
_brus
_cUA-OsUOA
_dUA-OsUOA
041 _arus
080 _a821.161.1
090 _a821.161.1
_bБ81
100 _aБондарев Ю.
245 _aТишина. Выбор
_bроманы
260 _aМ.
_bИзвестия
_c1983
300 _a730 с.
650 7 _a82 Література. Літературознавство
_2UDC
942 _cBK
_2udc
955 _a3
999 _c368043
_d368043